[Event "1st Forni Open"]
[Site "Forni di Sopra ITA"]
[Date "2011.06.13"]
[Round "2"]
[White "Lazic,Mir"]
[Black "Di Paolo,R"]
[Result "1-0"]
[WhiteElo "2471"]
[BlackElo "2312"]

1.g3 d5 2.Nf3 Nf6 3.Bg2 e6 4.O-O Be7 5.d3 O-O 6.Nbd2 c5 7.e4 Nc6 8.Re1 b5
9.e5 Nd7 10.Qe2 a5 11.h4 Ba6 12.Nf1 c4 13.h5 cxd3 14.cxd3 Rc8 15.h6 g6 16.Bf4 Nc5
17.N1h2 Nb4 18.Red1 Na4 19.Ng4 Rc2 20.Rd2 Rxd2 21.Qxd2 Nc5 22.Bg5 Bxg5 23.Nxg5 Nd7
24.Nf3 Qb8 25.d4 Nc6 26.Rc1 Bb7 27.Bf1 b4 28.Bb5 Rc8 29.Qg5 Rc7 30.Nf6+ Nxf6
31.Qxf6 Qf8 32.Bxc6 Rxc6 33.Rxc6 Bxc6 34.Ng5 Bb5 35.f3 Bd3 36.g4 Bb1 37.a3 Bd3
38.Kg2 Bb5 39.Kg3 Bd7 40.axb4 axb4 41.Nh3 Ba4 42.g5 Bc2 43.Nf2 Bf5 44.Kf4 Bc2
45.Ke3 b3 46.Nd3 Bb1 47.Nc5 Bc2 48.Nd7  1-0

[Event "Voronezh Master Open"]
[Site "Voronezh RUS"]
[Date "2011.06.13"]
[Round "2.30"]
[White "Vastrukhin,O"]
[Black "Baraeva,M"]
[Result "1/2-1/2"]
[WhiteElo "2347"]
[BlackElo "2170"]

1.Nf3 d5 2.g3 Nf6 3.Bg2 c6 4.O-O Bf5 5.d4 h6 6.c4 e6 7.Nc3 Nbd7 8.Qb3 Qb6
9.c5 Qc7 10.Bf4 Qc8 11.Rfc1 Be7 12.Qd1 Ne4 13.b4 O-O 14.a4 a6 15.Nxe4 Bxe4
16.b5 axb5 17.axb5 Rxa1 18.Rxa1 cxb5 19.Qb3 Qc6 20.Ra5 b6 21.cxb6 Qxb6 22.Rxb5 Qc6
23.Ne5 Nxe5 24.Bxe4 Nc4 25.Bd3 Rc8 26.Rb8 Bd6 27.Bxd6 Nxd6 28.Qb6 Qxb6 29.Rxb6 Ne4
30.Bxe4 dxe4 31.Kg2 Rc2 32.e3 Kf8 33.g4 Ra2 34.Rb5 f6 35.h4 Ra7 36.Kg3 g5
37.h5 Kg7 38.Rb3 Rf7 39.Rb6 Re7 40.f3 e5 41.dxe5 Rxe5 42.Rb7+ Kg8 43.f4 Ra5
44.Rb4 f5 45.fxg5 fxg4 46.Rxe4 hxg5 47.Kxg4 Kg7 48.Re6 Kf7 49.Re4 Kg7 50.Re7+ Kf6
51.Re8 Ra4+ 52.e4 Kf7 53.Re5 Kf6 54.Rf5+ Ke6 55.Kxg5 Rxe4 56.Rf1 Re2 57.Kg6 Rg2+
58.Kh7 Rg5 59.h6 Ke7 60.Ra1 Rg2 61.Ra7+ Kf8 62.Rg7 Rh2 63.Rg3 Kf7  1/2-1/2

[Event "Voronezh FIDE Open"]
[Site "Voronezh RUS"]
[Date "2011.06.13"]
[Round "2.1"]
[White "Peschansky,M"]
[Black "Chernyshova,N"]
[Result "1-0"]
[WhiteElo "2282"]
[BlackElo "2066"]

1.g3 d5 2.Nf3 Nf6 3.Bg2 g6 4.O-O Bg7 5.d3 O-O 6.Nbd2 c5 7.c3 Nc6 8.e4 d4
9.Nc4 b5 10.Nce5 Nxe5 11.Nxe5 Bb7 12.cxd4 Qxd4 13.Nf3 Qd7 14.Be3 c4 15.dxc4 Bxe4
16.Qxd7 Nxd7 17.Rad1 Rfd8 18.cxb5 Bxb2 19.Nd4 Bxg2 20.Kxg2 Ne5 21.Nc6 Rxd1
22.Rxd1 Nxc6 23.bxc6 Rc8 24.Rd7 Kf8 25.Rb7 Be5 26.Rxa7 Ke8 27.Ra6 Kd8 28.Kf3 f5
29.Ke2 Kc7 30.Kd3 Rb8 31.Kc4 e6 32.f4 Bf6 33.Bd2 Rc8 34.Ba5+ Kd6 35.c7+ Kd7
36.Kb5 Be7 37.Rc6 Bd6 38.Rc2 Ra8 39.Rd2 Ke7 40.a4 e5 41.fxe5 Bxe5 42.Bb6  1-0

[Event "1st Forni Open"]
[Site "Forni di Sopra ITA"]
[Date "2011.06.14"]
[Round "4"]
[White "Lazic,Mir"]
[Black "Banusz,T"]
[Result "1/2-1/2"]
[WhiteElo "2471"]
[BlackElo "2555"]

1.Nf3 d5 2.g3 c6 3.Bg2 Bg4 4.O-O Nd7 5.d3 Ngf6 6.Nbd2 e5 7.e4 dxe4 8.dxe4 Bc5
9.h3 Bh5 10.Qe1 O-O  1/2-1/2

[Event "DJEM U18"]
[Site "Oberhof GER"]
[Date "2011.06.14"]
[Round "5.3"]
[White "Braeuer,F"]
[Black "Svane,R"]
[Result "0-1"]
[WhiteElo "2084"]
[BlackElo "2297"]

1.Nf3 d5 2.g3 Nf6 3.Bg2 e6 4.O-O Be7 5.d3 b6 6.Nbd2 Bb7 7.e4 dxe4 8.Ng5 c5
9.Ngxe4 Nc6 10.Nxf6+ Bxf6 11.Ne4 O-O 12.Bf4 Bxb2 13.Rb1 Be5 14.Nxc5 Bxf4
15.Nxb7 Qc7 16.gxf4 Qxb7 17.f5 exf5 18.Qf3 Rac8 19.Qxf5 Qc7 20.c3 Qe5 21.Be4 Qxf5
22.Bxf5 Rc7 23.Rfe1 Rd8 24.Re3 Ne7 25.Be4 Rxc3 26.Bxh7+ Kf8 27.Be4 f5 28.Bb7 Rcxd3
29.Rxd3 Rxd3 30.Ba6 Rc3 31.Rd1 Rc7 32.Rd6 Kf7 33.Bd3 Ng6 34.f3 Rc5 35.Rd7+ Kf6
36.Rxa7 Nf4 37.Bf1 Rc2 38.Ra6 Nd5 39.a4 Kg5 40.a5 bxa5 41.Rxa5 Ne3 42.Ra1 Kf4
43.Bd3 Rb2 44.Rb1 Rxb1+ 45.Bxb1 Kxf3 46.Bd3 f4 47.Bb5 Nf5 48.Bc6+ Ke2 49.Bb5+ Ke1
50.Kg2 Nd4 51.Bc6 Nxc6 52.Kf3 g5 53.h4 Ne5+  0-1

[Event "Teplice Open"]
[Site "Teplice CZE"]
[Date "2011.06.14"]
[Round "4"]
[White "Kriebel,T"]
[Black "Collins,S IRL"]
[Result "1/2-1/2"]
[WhiteElo "2332"]
[BlackElo "2448"]

1.Nf3 d5 2.g3 c6 3.Bg2 Bg4 4.O-O Nd7 5.d4 e6 6.c4 Ngf6 7.b3 Be7 8.Nc3 O-O
9.Bf4 Qa5 10.Bd2 Qa6 11.Ne5 Nxe5 12.dxe5 Nd7 13.h3 Bh5 14.g4 Bg6 15.cxd5 cxd5
16.f4 f5 17.exf6 Nxf6 18.Be3 Rac8 19.Bd4 Bb4 20.Rc1 Ba3 21.f5 Bxc1 22.Qxc1 exf5
23.gxf5 Bf7 24.Qg5 Kh8 25.Rf4 Qd6 26.Rg4 Bg6 27.Rh4 Bxf5 28.Qxf5 Qg3 29.Bxf6 Qxh4
30.Bxh4 Rxf5 31.Nxd5 Rc1+ 32.Kh2 Re5 33.Nf4 Rc2 34.Bf2 Rxa2 35.Bxb7 Rf5 36.Kg3 Rb5
37.Bd5 a5 38.e4 Rxb3+ 39.Bxb3 Ra3 40.Kg4 Rxb3 41.e5 a4 42.e6 Kg8 43.Nd5 a3
44.Nc7 Rb4+ 45.Kf3 a2 46.e7 Rb8 47.Bd4 Kf7 48.e8=Q+ Rxe8 49.Nxe8 Kxe8 50.Bxg7 Kf7
51.Ba1 Kg6 52.Kg4 Kh6 53.Bd4 Kg6 54.h4 Kh6 55.h5 a1=Q 56.Bxa1  1/2-1/2

[Event "Teplice Open"]
[Site "Teplice CZE"]
[Date "2011.06.16"]
[Round "6"]
[White "Hruby,Va"]
[Black "Chmelik,Ladislav"]
[Result "0-1"]
[WhiteElo "1777"]
[BlackElo "1865"]

1.Nf3 d5 2.g3 c6 3.Bg2 Nd7 4.d4 Ngf6 5.Nbd2 Qc7 6.c3 e5 7.dxe5 Nxe5 8.Nxe5 Qxe5
9.Nf3 Qc7 10.Bf4 Bd6 11.Bxd6 Qxd6 12.Qd4 h6 13.Qe5+ Qe6 14.h4 O-O 15.Qxe6 Bxe6
16.e3 Bf5 17.O-O Rfe8 18.Rfe1 Re7 19.Rad1 Rae8 20.a3 Bg6 21.Rc1 Ne4 22.Bf1 Nc5
23.Be2 Nb3 24.Rcd1 Bc2 25.Rc1 Nxc1 26.Rxc1 Bg6 27.Nh2 c5 28.Rd1 Rd8 29.Rd2 Red7
30.Nf3 f6 31.Kf1 Bh5 32.Ke1 Bxf3 33.Bxf3 b6 34.Bg4 Rd6 35.Bf3 Kf8 36.Kf1 d4
37.cxd4 cxd4 38.exd4 Rxd4 39.Rc2 Rd2 40.Rc7 R8d7 41.Rc8+ Ke7 42.Bg4 R7d4
43.Rc7+ Kd6 44.Rxg7 Rxb2 45.f4 Rc4 46.Rd7+ Kc6 47.Rd1 Rc3 48.Bd7+ Kc7 49.Bf5 Rxa3
50.Rc1+ Kd6 51.Rd1+ Kc5 52.Rc1+ Kd4 53.Rd1+ Kc3 54.Bg4 Raa2 55.Rc1+ Kd4  0-1

[Event "4th Karen Asrian Memorial"]
[Site "Jermuk ARM"]
[Date "2011.06.17"]
[Round "2"]
[White "Chibukhchian,A"]
[Black "Gvetadze,Sopi"]
[Result "0-1"]
[WhiteElo "2500"]
[BlackElo "2330"]

1.Nf3 d5 2.g3 Nf6 3.Bg2 Bf5 4.O-O e6 5.d3 h6 6.Nbd2 Be7 7.b3 O-O 8.Bb2 a5
9.a3 Nbd7 10.Qe1 Bh7 11.e4 dxe4 12.dxe4 a4 13.b4 c5 14.b5 c4 15.e5 Nd5 16.Nxc4 Bxc2
17.Qe2 Bh7 18.Rfd1 Qb8 19.Nd4 N7b6 20.Nxb6 Nxb6 21.Rac1 Rd8 22.Qg4 Bg6 23.h4 h5
24.Qe2 Nd7 25.Bf3 Nxe5 26.Bxh5 Bxh5 27.Qxh5 Bf6 28.f4 Ng6 29.Qe2 Qa7 30.Rc4 e5
31.fxe5 Nxe5 32.Rb4 Qc5 33.Rf1 Rd6 34.Rf2 Rad8 35.Kh2 Rxd4 36.Bxd4 Rxd4 37.Rxd4 Qxd4
38.Rf4 Qd5 39.Re4 g6 40.Rf4 Kg7 41.Re4 Kg8 42.Kh3 Nd3 43.Kh2 Nc5 44.Rf4 Be5
45.Rg4 Bd6 46.b6 Kg7 47.Qb2+ Be5 48.Qc2 Bf6 49.Qe2 Qb3 50.h5 Qxa3 51.hxg6 Qb2
52.gxf7+ Kxf7 53.Qxb2 Bxb2 54.Rc4 a3 55.Rxc5 a2 56.Rc7+ Ke6 57.Rxb7 a1=Q
58.Rh7 Qb1 59.Rc7 Be5 60.Rc6+ Kd5 61.Rh6 Qb3 62.Rh3 Qxb6 63.Kg2 Qe3 64.Kh1 Bd4
65.Rh5+ Ke4 66.Rh4+ Kf3 67.Rf4+ Kxg3  0-1

[Event "DJEM U18"]
[Site "Oberhof GER"]
[Date "2011.06.17"]
[Round "8.6"]
[White "Kugler,F"]
[Black "Kartsev,A2"]
[Result "0-1"]
[WhiteElo "2210"]
[BlackElo "2184"]

1.Nf3 d5 2.g3 Nf6 3.Bg2 c6 4.O-O Bf5 5.b3 e6 6.Bb2 Be7 7.d3 O-O 8.Nbd2 Nbd7
9.Re1 Qc7 10.e4 dxe4 11.dxe4 Bg4 12.Qe2 Rad8 13.h3 Bh5 14.Rad1 Rfe8 15.a3 e5
16.Nc4 b5 17.Ne3 Nxe4 18.g4 Bg6 19.Nf5 Nef6 20.Nxe5 Bxf5 21.gxf5 Bxa3 22.Bxa3 Nxe5
23.Rxd8 Qxd8 24.Qxe5 Rxe5 25.Rxe5 Qd1+ 26.Bf1 Qxc2 27.Rc5 Qxb3 28.Rxc6 h6
29.Bc5 Qc2 30.Bxb5 Qc1+ 31.Kg2 Qg5+ 32.Kh2 Qf4+ 33.Kg2 Qxf5 34.Be2 Nd5 35.Bg4 Nf4+
36.Kg3 Nh5+ 37.Kg2 Qd5+ 38.Bf3 Nf4+ 39.Kg3 Qg5+ 40.Kh2 Ng6 41.Be3 Qe5+ 42.Kh1 Nh4
43.Rc8+ Kh7 44.Bb7 f5 45.Rc1 a5 46.Rc8 Qa1+ 47.Rc1 Qb2 48.Bc6 Qb3 49.Rc5 a4
50.Bd5 Qd3 51.Bc4 Qe4+ 52.Kg1 Qg2+  0-1

[Event "TCh-CZE-SLO w Extraliga"]
[Site "Orlova CZE"]
[Date "2011.06.17"]
[Round "4"]
[White "Jakubiec,E"]
[Black "Fuskova,M"]
[Result "1-0"]
[WhiteElo "2206"]
[BlackElo "1649"]

1.Nf3 d5 2.g3 Nf6 3.Bg2 e6 4.O-O c5 5.c4 Nc6 6.cxd5 exd5 7.d4 b6 8.Nc3 Bb7
9.Bg5 Ne7 10.Ne5 h6 11.Bxf6 gxf6 12.Qa4+ Nc6 13.Nxc6 Qd7 14.Bxd5  1-0

[Event "3rd Gaudeamus Cup"]
[Site "Bucharest ROU"]
[Date "2011.06.18"]
[Round "2"]
[White "Popescu,Ioan-Romulus"]
[Black "Stanciu,R"]
[Result "0-1"]
[WhiteElo "1868"]
[BlackElo "2102"]

1.Nf3 d5 2.g3 Nf6 3.c4 c6 4.b3 g6 5.Bb2 Bg7 6.Bg2 O-O 7.O-O Nbd7 8.Qc2 e6
9.d3 Re8 10.Ne5 Qe7 11.Nd2 Nxe5 12.Bxe5 Nh5 13.f4 Nf6 14.Qb2 b6 15.Rac1 c5
16.cxd5 exd5 17.Nc4 Be6 18.Nd6 Red8 19.f5 Rxd6 20.Bxd6 Qxd6 21.fxe6 Qxe6
22.Qd2 Ng4 23.e4 Bh6 24.exd5 Qe5 25.Rf4 Re8 26.Rcf1 f5 27.d4 cxd4 28.h3 Bxf4
29.Rxf4 Ne3 30.Qxd4 Nxg2 31.Kxg2 Qe1 32.Rf2 Qe4+ 33.Qxe4 Rxe4 34.Rd2 Kf7
35.Kf3  0-1

[Event "7th Metropolitan IM"]
[Site "Los Angeles USA"]
[Date "2011.06.18"]
[Round "6"]
[White "Sevian,Samuel"]
[Black "Gupta,Ank"]
[Result "1/2-1/2"]
[WhiteElo "2168"]
[BlackElo "2273"]

1.Nf3 d5 2.g3 c6 3.Bg2 Nf6 4.O-O Bf5 5.d3 e6 6.Nfd2 h6 7.e4 Bh7 8.Kh1 Be7
9.Nc3 O-O 10.f4 a5 11.g4 Nfd7 12.Qe2 Na6 13.a3 b5 14.f5 d4 15.Nd1 e5 16.Nf3 a4
17.Qf2 Bg5 18.Nxg5 hxg5 19.h4 f6 20.hxg5 fxg5 21.Qg3 Kf7 22.Nf2 Rh8 23.Nh3 Bg8
24.Kg1 c5 25.Nxg5+ Ke8 26.Nf3 Qe7 27.g5 Qd6 28.g6 Nab8 29.Bg5 Nc6 30.Nh2 Nf6
31.Bxf6 Qxf6 32.Ng4 Qh4 33.Qf3 Kd7 34.Rf2 Qg5 35.Qg3 Kd6 36.Bf3 Re8 37.Kg2 Nb8
38.Be2 Nd7 39.Nh2 Qxg3+ 40.Kxg3 Nf6 41.Kg2 Rh4 42.Nf1 c4 43.Kg3 Rxe4 44.dxe4 Nxe4+
45.Kg2 Nxf2 46.Kxf2 e4 47.Rd1 Ke5 48.Ng3 Bd5 49.Bf1 e3+ 50.Kg1 Bf3 51.Be2 Bxe2
52.Nxe2 Rd8 53.Rxd4 Rxd4 54.Nxd4 Kxd4 55.f6 c3 56.bxc3+ Kxc3 57.fxg7 e2 58.g8=Q e1=Q+
59.Kg2 Qe4+ 60.Kg3 Qe5+ 61.Kg4 Qe4+ 62.Kg5 Qe3+ 63.Kf6 Qd4+ 64.Ke7 Qa7+ 65.Kd6 Qb6+  1/2-1/2

[Event "Baltija Cup Open A"]
[Site "Palanga LTU"]
[Date "2011.06.19"]
[Round "1.5"]
[White "Rutkus,M"]
[Black "Beinoras,M"]
[Result "0-1"]
[WhiteElo "1850"]
[BlackElo "2358"]

1.Nf3 d5 2.g3 c5 3.d3 Nc6 4.Bg2 e5 5.O-O Nf6 6.e4 Be7 7.Nbd2 O-O 8.Re1 d4
9.Nf1 b5 10.h3 Nd7 11.g4 Nb6 12.Ng3 Re8 13.Nf5 Bf8 14.Qd2 c4 15.a3 Na4 16.Qg5 Qxg5
17.Nxg5 f6 18.Nf3 Be6 19.g5 Rec8 20.gxf6 gxf6 21.N3h4 cxd3 22.cxd3 Na5 23.Rb1 Ba2
24.Ra1 Nb3 25.Rxa2 Nxc1 26.Ra1 Nxd3 27.Reb1 Ndxb2 28.Bf1 a6  0-1

[Event "25th Open Pula"]
[Site "Pula CRO"]
[Date "2011.06.19"]
[Round "2.11"]
[White "Skelac,D"]
[Black "Doric,D"]
[Result "0-1"]
[WhiteElo "2158"]
[BlackElo "2456"]

1.Nf3 d5 2.g3 c6 3.Bg2 Bg4 4.b3 Nd7 5.Bb2 e6 6.O-O Ngf6 7.d3 Bd6 8.h3 Bh5
9.Qe1 O-O 10.Nbd2 Qc7 11.e4 dxe4 12.dxe4 e5 13.Nh4 Rfe8 14.Bf3 Bg6 15.Qe2 b5
16.Nxg6 hxg6 17.a4 a6 18.Rfd1 Nc5 19.Kg2 Ne6 20.c3 Bc5 21.Bg4 Nxg4 22.hxg4 f6
23.b4 Bb6 24.Nb3 Qe7 25.Bc1 Rad8 26.Bd2 Rd6 27.axb5 axb5 28.Ra6 Qb7 29.Raa1 Red8
30.Be1 Kh7 31.Rxd6 Rxd6 32.Rd1 Rxd1 33.Qxd1 Ng5 34.f3 Qa7 35.Qa1 Qd7 36.Qb1 Qa7
37.Bd2 Nf7 38.Qh1+ Kg8 39.Qa1 Qc7 40.Qc1 Nd6 41.Be3 Bxe3 42.Qxe3 Nc4 43.Qd3 Qa7
44.Na5 Ne3+ 45.Kh1 Kh7 46.Qe2 Nc4 47.Nxc4 bxc4 48.Qxc4 Qf2 49.Qd3 g5 50.c4 Qe1+
51.Kg2 Qxb4 52.Kf2 Qb2+ 53.Qe2 Qd4+ 54.Kg2 Qc3 55.Kf2 Kg6 56.Qa2 Kh7 57.Kg2 Qe3
58.Qb2 c5 59.Qc2 Qd4 60.Qa2 Qc3 61.Kf2 Qc1 62.Kg2 Qd1 63.Qb2 Qa4 64.Qe2 Qb3
65.Kf2 Kg6 66.Kg2 Kf7 67.Kf2 Ke7 68.Kg2 Ke8 69.Kf2 Kd7 70.Qd2+ Kc7 71.Qd5 Qb2+
72.Kf1 Qd4 73.Qe6 Kb7 74.Ke2 Kc7 75.Kf1 Qd2 76.Qa6 Qe3 77.Qa7+ Kc8 78.Qa8+ Kd7
79.Qd5+ Kc7 80.Qd1 Qc3 81.Qe2 Kd6 82.Kg2 Kc6 83.Qa2 Kb6 84.Kf2 Qa5 85.Qb3+ Kc7
86.Qc2 Qa1 87.Kg2 Qa3 88.Qb1 Qb4 89.Qa2 Kb6 90.Kf2 Kb7 91.Ke2 Qc3 92.Qa4 Qb2+
93.Ke3 Kb6 94.Kd3 Qf2 95.Qb5+ Kc7 96.Qa5+ Kd7 97.Qa7+ Ke6 98.Qb6+ Kf7 99.Qb7+ Kg6
100.Qc8 Qd4+ 101.Ke2 Qxc4+ 102.Kd2 Qb4+ 103.Ke2 Qb5+ 104.Kd2 Kf7 105.Ke3 c4
106.Ke2 Qb2+ 107.Kd1 Qb3+ 108.Ke2 Qd3+ 109.Kf2 Qd2+ 110.Kf1 c3 111.Qc7+ Kg6
112.Qc8 Kh7 113.Qf5+ g6 114.Qxf6 Qd7 115.Qxg5 c2 116.Kg2 Qc7 117.Qc1 Qc3
118.Qg5 Qa3 119.Qf6 c1=Q 120.Qf7+ Kh6  0-1

[Event "4th Karen Asrian Memorial"]
[Site "Jermuk ARM"]
[Date "2011.06.20"]
[Round "5"]
[White "Gabuzyan,H"]
[Black "Kotanjian,T"]
[Result "0-1"]
[WhiteElo "2394"]
[BlackElo "2517"]

1.Nf3 d5 2.g3 Bg4 3.Bg2 Nd7 4.c4 e6 5.cxd5 exd5 6.O-O Ngf6 7.Nc3 c6 8.d3 Bc5
9.Qb3 Nb6 10.e4 O-O 11.Bf4 Re8 12.Rfe1 h6 13.h3 Be6 14.Qc2 dxe4 15.dxe4 Qe7
16.a3 a5 17.Rac1 Nc4 18.g4 Nxb2 19.Qxb2 Bxa3 20.Qa1 Bxc1 21.Bxc1 b5 22.g5 Nh5
23.gxh6 a4 24.e5 a3 25.Nd4 b4 26.Nxc6 Qb7 27.Bg5 bxc3 28.Qd1 g6 29.Be4 Kh7
30.Nd4 Bd5 31.e6 Bxe4 32.exf7 Qxf7  0-1

[Event "Baltija Cup Open A"]
[Site "Palanga LTU"]
[Date "2011.06.20"]
[Round "3.19"]
[White "Rutkus,M"]
[Black "Mierins,Eriks"]
[Result "0-1"]
[WhiteElo "1850"]
[BlackElo "2151"]

1.Nf3 d5 2.g3 Nf6 3.Bg2 Bg4 4.O-O Nbd7 5.d3 e5 6.Nbd2 Bc5 7.h3 Be6 8.e4 dxe4
9.dxe4 h6 10.Re1 O-O 11.Nf1 Qe7 12.g4 Rad8 13.Qe2 Nh7 14.Ng3 Ng5 15.Nf5 Nxf3+
16.Qxf3 Qf6 17.c3 Kh7 18.g5 hxg5 19.Qh5+ Kg8 20.Bxg5 Qg6 21.Ne7+ Bxe7 22.Qxg6 fxg6
23.Bxe7 Nf6 24.Bxd8 Rxd8 25.Rad1 Rf8 26.Rd2 Kf7 27.b3 Ke7 28.Re3 Nh5 29.Bf3 Nf4
30.Bg4 Rh8 31.Bxe6 Kxe6 32.Kh2 g5 33.Rg3 g4 34.Rxg4 Rxh3+ 35.Kg1 g6 36.Rg3 Rh4
37.Rc2 Kf6 38.Kf1 Rh1+ 39.Rg1 Rh2 40.Ke1 g5 41.Kd1 Nh3 42.Rf1 g4 43.Rd2 Ke6
44.Kc2 Ng5 45.f3 Rxd2+ 46.Kxd2 gxf3 47.Ke3 a5 48.Rh1 f2 49.Rf1 Nh3 50.c4 b6
51.Rh1 Kd6 52.Ke2 Ng5 53.Rd1+ Kc6 54.Ke3 Kc5 55.a3 a4 56.Rd5+ Kc6 57.Kxf2 Nxe4+
58.Ke3 Nf6 59.Rb5 axb3 60.Rxb3 Kc5 61.Kd3 c6 62.a4 e4+ 63.Ke3 Kxc4 64.Rb1 Nd5+
65.Kd2 c5 66.Rb5 Kd4 67.a5 e3+ 68.Ke1 bxa5 69.Rxa5 c4 70.Ra4 Kd3 71.Ra8 c3
72.Rd8 c2 73.Rxd5+ Kc4 74.Rd1 cxd1=Q+ 75.Kxd1 Kd3 76.Ke1 e2  0-1

[Event "1st Roszke GM"]
[Site "Roszke HUN"]
[Date "2011.06.20"]
[Round "3.1"]
[White "Kosic,D"]
[Black "Erdos,V"]
[Result "1/2-1/2"]
[WhiteElo "2485"]
[BlackElo "2609"]

1.Nf3 d5 2.g3 c5 3.Bg2 Nc6 4.d4 e6 5.O-O Nf6 6.c4 dxc4 7.Qa4 Bd7 8.Qxc4 cxd4
9.Nxd4 Rc8 10.Nc3 Nxd4 11.Qxd4 Bc5  1/2-1/2

[Event "25th Open Pula"]
[Site "Pula CRO"]
[Date "2011.06.21"]
[Round "5.13"]
[White "Mazi,L"]
[Black "Jovanic,O"]
[Result "0-1"]
[WhiteElo "2353"]
[BlackElo "2479"]

1.Nf3 d5 2.g3 Nf6 3.Bg2 Bf5 4.c4 e6 5.b3 Be7 6.Bb2 O-O 7.O-O c6 8.d3 h6 9.Nbd2 Nbd7
10.Rc1 a5 11.a3 Bh7 12.Rc2 Bd6 13.Qa1 Qe7 14.cxd5 exd5 15.Re1 Rfe8 16.Rcc1 Qf8
17.Bh3 Rad8 18.Nd4 Bg6 19.Nf5 Bxf5 20.Bxf5 Be5 21.Nf3 Bxb2 22.Qxb2 Qd6 23.b4 axb4
24.axb4 Ne5 25.Nxe5 Rxe5 26.Bh3 h5 27.Qd4 Nh7 28.Rc2 Ng5 29.Bg2 Ne6 30.Qb6 Qc7
31.Qxc7 Nxc7 32.d4 Re6 33.e3 Ra8 34.Bf1 b5 35.Rec1 Ra6 36.Bh3 Rd6 37.Bc8 Rb6
38.h4 g6 39.Bh3 Ra6 40.Bc8 Rb6 41.Bh3 f5 42.Bf1 Ra6 43.Be2 Re6 44.Rc3 Ne8
45.Bd1 Kf7 46.Rb1 Ke7 47.Rcc1 Kd6 48.Rb2 Nf6 49.Kg2 Kd7 50.Be2 Re8 51.Kf3 Ne4
52.Rbc2 Re6 53.Bf1 Ra4 54.Rb2 Nd6 55.Rcb1 Re8 56.Bg2 Nc4 57.Re2 Ke6 58.Kf4 Kf6
59.f3 Ra3 60.e4 Rd3 61.e5+ Kg7 62.Kg5 Rxd4 63.Ra1 Nxe5 64.Rxe5 Rxe5 65.Ra7+ Kf8
66.Kf6 Re3  0-1

[Event "1st Roszke GM"]
[Site "Roszke HUN"]
[Date "2011.06.21"]
[Round "4.3"]
[White "Kosic,D"]
[Black "Papp,Petra"]
[Result "1-0"]
[WhiteElo "2485"]
[BlackElo "2230"]

1.Nf3 d5 2.g3 Nf6 3.Bg2 c6 4.O-O Bg4 5.d3 Nbd7 6.Nbd2 e5 7.e4 dxe4 8.dxe4 Bc5
9.h3 Bh5 10.Qe1 O-O 11.Nb3 Bb6 12.a4 a5 13.Be3 Bxf3 14.Bxf3 Bxe3 15.Qxe3 Qc7
16.Rfd1 Rfd8 17.h4 Nf8 18.Rxd8 Qxd8 19.Rd1 Qc7 20.Be2 h6 21.Kg2 N8d7 22.f3 Qb6
23.Qxb6 Nxb6 24.Nc5 Rb8 25.b4 axb4 26.a5 Na8 27.Nxb7 Rxb7 28.Rd8+ Kh7 29.Rxa8 b3
30.cxb3 Rxb3 31.g4 h5 32.g5 Nd7 33.Bc4 Rb2+ 34.Kg3 Kg6 35.Rc8 Rb1 36.Rxc6+ f6
37.Rc7 Nf8 38.Bf7+ Kh7 39.Rc8 fxg5 40.Rxf8 gxh4+ 41.Kh3 g6 42.a6 Ra1 43.Bc4 Kh6
44.Kxh4 g5+ 45.Kh3  1-0

[Event "Mukachevo Summer"]
[Site "Mukachevo UKR"]
[Date "2011.06.22"]
[Round "3"]
[White "Luzhinsky,V"]
[Black "Soroka,Danilo"]
[Result "1-0"]
[WhiteElo "2362"]
[BlackElo "2019"]

1.Nf3 d5 2.g3 Nf6 3.Bg2 Bf5 4.O-O Nbd7 5.d3 e5 6.c4 c6 7.cxd5 cxd5 8.Nc3 d4
9.Nb5 a6 10.Na3 Be6 11.e3 dxe3 12.Bxe3 Nd5 13.Bd2 Be7 14.Re1 Bf6 15.Nc4 Qb8
16.Bg5 O-O 17.Bxf6 gxf6 18.Nh4 Rd8 19.Qh5 Nf8 20.Bxd5 Bxd5 21.Nb6 Ra7 22.Nxd5 Rxd5
23.Nf5 Ng6 24.Rac1 Ra8 25.Qg4 Qf8 26.h4 Kh8 27.Rc7 Re8 28.Rec1 Ra8 29.Qh5 Qb8  1-0

[Event "4th Karen Asrian Memorial"]
[Site "Jermuk ARM"]
[Date "2011.06.23"]
[Round "8"]
[White "Kowsarinia,A"]
[Black "Petrosyan,M"]
[Result "0-1"]
[WhiteElo "2190"]
[BlackElo "2125"]

1.Nf3 d5 2.g3 Nf6 3.Bg2 c6 4.O-O Bg4 5.d3 Nbd7 6.Nbd2 e6 7.e4 Bd6 8.Qe1 Qc7
9.h3 Bh5 10.c3 O-O 11.Nh4 dxe4 12.dxe4 Bc5 13.Kh1 Ne5 14.Nb3 Be7 15.f4 Nd3
16.Qe3 Nxc1 17.Raxc1 Nd7 18.Nf3 f6 19.Nbd4 Bf7 20.e5 f5 21.Rcd1 Nb6 22.Qe2 a6
23.g4 c5 24.Nc2 Be8 25.Nd2 Bc6 26.gxf5 Rxf5 27.Ne3 Rf7 28.Ne4 Raf8 29.Qg4 Nd5
30.Nxd5 Bxd5 31.b3 Qc6 32.Rde1 c4 33.b4 b6 34.Kh2 g6 35.Re2 Kg7 36.Ng3 Bxg2
37.Rxg2 Kh8 38.Ne2 Qe4 39.Qxe6 Bg5 40.Qg4 Bxf4+ 41.Nxf4 Rxf4 42.Rxf4 Rxf4
43.Qe2 Qf5 44.Kg1 Re4 45.Qf2 Rxe5 46.Qd4 Qb1+ 47.Kh2 Qe4 48.Qd8+ Kg7 49.Rf2 Rf5
50.Qd7+ Kh6 51.Qd2+ Kh5 52.Qd1+ Kh4 53.Rg2 Qf4+ 54.Kg1 Kxh3 55.Qe1 Rg5 56.Qe6+ Rg4  0-1

[Event "4th Karen Asrian Memorial"]
[Site "Jermuk ARM"]
[Date "2011.06.23"]
[Round "8"]
[White "Gabuzyan,H"]
[Black "Tamazyan,H"]
[Result "1-0"]
[WhiteElo "2394"]
[BlackElo "2190"]

1.g3 d5 2.Nf3 Nf6 3.Bg2 Bg4 4.O-O Nbd7 5.d4 e6 6.Nbd2 Be7 7.Re1 O-O 8.e4 dxe4
9.Nxe4 Nxe4 10.Rxe4 Nf6 11.Re1 c5 12.c3 Qb6 13.Qb3 Rfd8 14.dxc5 Qc7 15.Bf4 Qc8
16.c6 bxc6 17.Ne5 Rd5 18.Nxc6 Qxc6 19.c4 Bc5 20.cxd5 exd5 21.Rac1 Qb6 22.Qxb6 Bxb6
23.h3 Bf5 24.g4 Be4 25.Bxe4 Nxe4 26.Be3 d4 27.Bf4 Nc5 28.Red1 Ne6 29.Bd2 Rd8
30.Kg2 g6 31.a4 d3 32.b4 f5 33.gxf5 gxf5 34.Rc4 Kf7 35.Be3 Rd6 36.h4 Kf6
37.Kf3 Ke5 38.a5 Bxe3 39.fxe3 a6 40.Rc3 d2 41.Ke2  1-0

[Event "25th Open Pula"]
[Site "Pula CRO"]
[Date "2011.06.23"]
[Round "7.20"]
[White "Sandhu,M"]
[Black "Raguz,Dari"]
[Result "1-0"]
[WhiteElo "2312"]
[BlackElo "2196"]

1.Nf3 d5 2.g3 c5 3.Bg2 Nc6 4.d3 Nf6 5.O-O h6 6.Nbd2 e6 7.c3 Be7 8.e4 Qc7
9.Qe2 a5 10.Re1 a4 11.Nf1 O-O 12.e5 Nd7 13.h4 b5 14.Bf4 Ba6 15.h5 Rfb8 16.Ne3 b4
17.Nxd5 exd5 18.e6 Bd6 19.exf7+ Kh7 20.Qe6 Bxf4 21.gxf4 Bxd3 22.Qxd5 c4 23.Nh4 Qxf4
24.Qxc6 Ne5 25.Qe6 Nxf7 26.Ng6 Qc7 27.Bxa8 Rxa8 28.Re3 bxc3 29.bxc3 Ra5 30.Rg3 Rxh5
31.Nf8+ Kg8 32.Qe8 Qd8 33.Rxg7+  1-0

[Event "ch-Commonwealth RSA-Open"]
[Site "Ekurhuleni RSA"]
[Date "2011.06.24"]
[Round "8"]
[White "Boikanyo,C"]
[Black "Swathi,G"]
[Result "0-1"]
[WhiteElo "2029"]
[BlackElo "2317"]

1.Nf3 d5 2.g3 Nf6 3.Bg2 c6 4.O-O Bg4 5.Ne5 Bh5 6.c4 Nbd7 7.Nxd7 Qxd7 8.cxd5 cxd5
9.d4 e6 10.Bf4 Be7 11.Nc3 O-O 12.Rc1 Rfc8 13.Qb3 Rc4 14.e3 Rac8 15.f3 Bg6
16.Ne2 b5 17.Rfe1 a5 18.Rxc4 bxc4 19.Qb6 Bd8 20.Qd6 Qb7 21.Qa3 Rc6 22.Nc3 h5
23.e4 Bb6 24.Be3 Rc8 25.Nb5 Rd8 26.e5 Ne8 27.Bg5 Rb8 28.Be7 Qd7 29.Bd6 Qxb5
30.Bxb8 Bxd4+ 31.Kh1 Bxb2 32.Qe3 Qxb8 33.f4 c3 34.Bxd5 exd5  0-1

[Event "49th National Challengers ch-IND"]
[Site "Aurangabad IND"]
[Date "2011.06.25"]
[Round "12"]
[White "Venkatesh,M"]
[Black "Ghosh,D"]
[Result "1-0"]
[WhiteElo "2463"]
[BlackElo "2273"]

1.Nf3 d5 2.g3 Nc6 3.d4 Bg4 4.Bg2 Qd7 5.h3 Bh5 6.b3 f6 7.Bb2 O-O-O 8.Nbd2 g5
9.a3 e6 10.c4 Nge7 11.c5 Bxf3 12.Nxf3 Ng6 13.b4 Kb8 14.Qb3 e5 15.dxe5 fxe5
16.Rd1 Be7 17.O-O Rhf8 18.Ne1 Nd4 19.Bxd4 exd4 20.Nc2 c6 21.Nxd4 Ne5 22.e4 g4
23.hxg4 Qxg4 24.exd5 cxd5 25.Rfe1 Bf6 26.f4 Nc4 27.Ne6 Rfe8 28.Bxd5 Bh4 29.Nxd8 Ne3
30.Rxe3 Rxe3 31.Qxe3 Qxd1+ 32.Kh2 Qxd5 33.Nxb7 Bxg3+ 34.Kxg3 Qg8+ 35.Kh4 Kxb7
36.Qe7+ Kc8 37.c6  1-0

[Event "XIX Open A"]
[Site "Montcada i Reixac ESP"]
[Date "2011.06.25"]
[Round "1"]
[White "Bacallao Alonso,Y"]
[Black "Ortega Serra,M"]
[Result "1-0"]
[WhiteElo "2530"]
[BlackElo "2241"]

1.Nf3 d5 2.g3 c5 3.Bg2 Nc6 4.d4 Bf5 5.O-O Nf6 6.c4 dxc4 7.Qa4 Rc8 8.Rd1 e6
9.Nc3 Qa5 10.Qxc4 Qb4 11.Qb5 Ne4 12.Qxb4 cxb4 13.Nxe4 Bxe4 14.Be3 Be7 15.Rac1 O-O
16.Ne5 Bxg2 17.Kxg2 Rfd8 18.Nxc6 Rxc6 19.Rxc6 bxc6 20.Rc1 Rc8 21.Bd2 Kf8
22.Rc4 a5 23.e4 Ke8 24.f4 Kd7 25.Be3 f5 26.Kf3 Rb8 27.g4 fxe4+ 28.Kxe4 Rb5
29.Rc1 g6 30.Rg1 Rd5 31.Rg3 c5 32.g5 cxd4 33.Bxd4 Bc5 34.Bf6 Kc6 35.Rh3 Rd7
36.Ke5 Bd6+ 37.Kxe6 Bxf4 38.Rh4 Rd6+ 39.Ke7 Rd7+ 40.Ke6 Rd6+ 41.Kf7 Rd7+
42.Kg8 Be3 43.Rxh7 Rd5 44.h4 Bd4 45.Kf7 Bxf6 46.gxf6 Rd2 47.Kg7 Rxb2 48.f7 b3
49.f8=Q Rxa2 50.Qf3+  1-0

[Event "TCh-FRA Final w Top 12"]
[Site "Port Marly FRA"]
[Date "2011.06.25"]
[Round "1"]
[White "Safranska,A"]
[Black "Guichard,P"]
[Result "0-1"]
[WhiteElo "2229"]
[BlackElo "2303"]

1.Nf3 d5 2.g3 Bg4 3.Bg2 e6 4.c4 Nd7 5.cxd5 exd5 6.O-O Ngf6 7.d3 Bc5 8.Qb3 Bb6
9.Nc3 c6 10.e4 dxe4 11.dxe4 O-O 12.Qc2 Bxf3 13.Bxf3 Ne5 14.Be2 Re8 15.Kg2 Qd4
16.Be3 Qb4 17.a3 Qe7 18.Bg5 Bd4 19.Bxf6 gxf6 20.Rad1 Qc5 21.Qb3 b5 22.Rc1 Qb6
23.Nd1 Rad8 24.Rc2 a6 25.f4 Nd7 26.Bh5 Re7 27.Qf3 c5 28.Ne3 Bxe3 29.Qxe3 c4
30.Qf3 Nc5 31.Re2 Kh8 32.e5 f5 33.Qf2 Qc7 34.Bf3 Ne6 35.Rd2 Rxd2 36.Qxd2 Rd7
37.Qb4 Qd8 38.Rf2 Rd3 39.Bb7 Qd7 40.Bf3 Kg7 41.Qa5 Nd4 42.Ba8 Qc8 43.Bf3 Nxf3
44.Qb6 Nd4 45.Qf6+ Kg8 46.Qg5+ Kf8 47.Qh6+ Ke8 48.Qxh7 Qc6+ 49.Kh3 Qg6 50.Qh8+ Ke7
51.Qb8 Ne6 52.Kg2 Rd7 53.a4 Nd4 54.axb5 axb5 55.Qh8 Qc6+ 56.Kh3 b4 57.Qh4+ Ke6
58.g4 Qe4 59.Qf6+ Kd5 60.Qb6 fxg4+ 61.Kh4 Qh7+  0-1